000
00257nam a2200097Ia 4500
008
230915s9999 xx 000 0 und d
050
_a
BF41 .N93 2013 C.19
100
_a
NYASANI JOSEPH M.
245
0
_a
METAPHYSICAL PSYCHOLOGY:RATIONAL PSYCHOLOGY
942
_c
BK
999
_c
64036
_d
64036